The Mortal Instruments Quiz - Statistics

General Stats
  • This quiz has been taken 1,329 times
  • The average score is 12 of 15
Answer Stats
Hint Answer % Correct
Rune Girl Clary
99%
Golden Lion Jace
99%
High Warlock of Brookelyn Magnus
97%
The Best Friend Simon
96%
Dark and Blue Alec
95%
Werewolf Luke
93%
Fashionista Isabelle
91%
Werewolf Girl Maia
80%
A.K.A. Sebastian Jonathan
77%
Ex-Shadowhunter Jocelyn
76%
Psycho Valentine
76%
Mean Vampire to Simon Raphael
72%
The Tutor Hodge
64%
Blondie Vampire Camille
55%
The Witch Madame Dorothea
13%
No matching quizzes found
Score Distribution
Percent of People with Each Score
Percentile by Number Answered
Your Score History
You have not taken this quiz